| 000 | 00425nam a22001817a 4500 | ||
|---|---|---|---|
| 003 | OSt | ||
| 005 | 20250401153434.0 | ||
| 008 | 250401b |||||||| |||| 00| 0 eng d | ||
| 020 | _a9789380703923 | ||
| 082 |
_a8H3 _b PREN |
||
| 100 | _aPremchand, Munshi | ||
| 245 | _aNari jeevan ki kahaniya | ||
| 260 |
_aGurugram _bLexicon Books |
||
| 300 | _a320p. | ||
| 546 | _aHindi | ||
| 651 | _aHindi Fiction | ||
| 942 |
_2ddc _cBK |
||
| 999 |
_c3749 _d3749 |
||